| 000 | 00477 a2200157 4500 | ||
|---|---|---|---|
| 090 |
_c6479 _d6479 |
||
| 100 | _aSher M. Chaudhry | ||
| 245 |
_aIntroduction to statistical theory (part 2) _cProf. Sher Muhammad Chaudhary & Dr. Shahid Kamal. |
||
| 250 | _a6th | ||
| 260 |
_aLahore: _bIlmi Kitab Khana, _c1996. |
||
| 300 |
_axvi, 579 p. : _bill. ; _c24 cm. |
||
| 500 | _aIncludes Index | ||
| 650 | _aMathematical Statistical. | ||
| 700 | _aDr. Shahid Kamal. | ||
| 942 |
_cBK _k519.5 SHE |
||
| 999 |
_c10310 _d10310 |
||